Pomocné materiály z ruské gramatiky Pro posluchače studia při zaměstnání na Vysoké škole ekonomické v Praze
Enregistré dans:
| Auteur principal: | |
|---|---|
| Collectivité auteur: | |
| Format: | Livre |
| Langue: | tchèque |
| Publié: |
Praha
Státní pedagogické nakladatelství
1987
|
| Édition: | 9. oprav. vyd. |
| Tags: |
Pas de tags, Soyez le premier à ajouter un tag!
|
MARC
| LEADER | 00000nam a2200000 4500 | ||
|---|---|---|---|
| 001 | c025387 | ||
| 005 | 20221219103132.9 | ||
| 041 | 0 | |a cze | |
| 044 | |a CZ | ||
| 245 | 1 | 0 | |a Pomocné materiály z ruské gramatiky |b Pro posluchače studia při zaměstnání na Vysoké škole ekonomické v Praze |c Jaroslava Charvátová |
| 250 | |a 9. oprav. vyd. | ||
| 264 | 1 | |a Praha |b Státní pedagogické nakladatelství |c 1987 | |
| 300 | |a 227 s. | ||
| 100 | 1 | |a Charvátová, Jaroslava | |
| 710 | 2 | |a Vysoká škola ekonomická v Praze. Obchodní fakulta | |